000 00621nam a22001697a 4500
003 OSt
005 20171010095448.0
008 120621t xxu||||| |||| 00| 0 eng d
040 _aMMSU
_cULS
100 _aBatuyong, Daisy S.
_910541
245 _aDevelopment of a portable standby generator used for small electrical load driven by gasoline engine scooter
_cDaisy S. Batuyong
260 _c2007
300 _aviii, [50] leaves
_c28 cm.
500 _aThesis (BS Electrical Engineering) -- Mariano Marcos State University-College of Engineering, Batac City
504 _aBibliography: leaf 36
942 _2ddc
_cTHEDIS
999 _c9580
_d9580